• 首页
  • 本馆介绍
  • 公告通知
  • 最新文献
  • 馆藏检索
  • 电子资源
  • 读者导购
  • 参考咨询
  • 我的图书馆
  • 登录
  • 详细信息显示
  • 放入我的书架
  • 预约/预借图书
  • 作者相关作品
  • 分类相关作品
  • 丛书相关作品
  • 出版社相关作品

书目信息

  • 表格格式
  • 工作单格式
  • 卡片格式
题名:
颜真卿与颜体
    
 
作者: 李倩 编著
分册:  
出版信息: 长春   吉林文史出版社  2018重印
页数: 133页
开本: 22cm
丛书名: 中国文化知识读本
单 册:
中图分类: K825.72 , J292.112.4
科图分类:
主题词: 书法家--Shu Fa Jia--人物研究--中国--唐代 , 书法评论--Shu Fa Ping Lun--中国--唐代
电子资源:
ISBN: 978-7-5463-5004-2
000 01078nam 2200313 45
001 012001009938
005 20140101155305.0
010    @a978-7-5463-5004-2@dCNY34.80
092    @aCN@bSK1123-2098
099    @aCAL 012011337721
100    @a20111125d2011 em y0chiy50 ea
101 0  @achi
102    @aCN@b220000
105    @aach z 000yb
106    @ar
200 1  @a颜真卿与颜体@Ayan zhen qing yu yan ti@f李倩编著
210    @a长春@c吉林文史出版社@d2018重印
215    @a133页@c图, 肖像, 摹真本@d22cm
225 2  @a中国文化知识读本@Azhong guo wen hua zhi shi du ben@i中国古代书画艺术
330    @a本书主要内容包括:背景家世、壮伟人生、书法渊源、艺术历程、颜体简述、作品及影响。
410  0 @12001@a中国文化知识读本@i中国古代书画艺术
600  0 @a颜真卿,@AYan Zhen Qing@f708-784@x人物研究
606 0  @a书法家@AShu Fa Jia@x人物研究@y中国@z唐代
606 0  @a书法评论@AShu Fa Ping Lun@y中国@z唐代
690    @aK825.72@v5
690    @aJ292.112.4@v5
701  0 @a李倩@Ali qian@4编著
801  2 @aCN@b上海新华@c20191020
905    @b1135016-9@dK825.72@e1278@f4
    
    颜真卿与颜体/李倩编著.-长春:吉林文史出版社,2018重印
    133页:图, 肖像, 摹真本;22cm.-(中国文化知识读本.中国古代书画艺术)
    
    
    ISBN 978-7-5463-5004-2:CNY34.80
    本书主要内容包括:背景家世、壮伟人生、书法渊源、艺术历程、颜体简述、作品及影响。
●
相关链接 在E读中查询图书 在五车中查询图书 在当当中查询图书 在豆瓣中查询图书


正题名:颜真卿与颜体     索取号:K825.72/1278         预约/预借

序号 登录号 条形码 馆藏地/架位号 状态 备注
1 1135016   211350161   第二样本阅览室/ [索取号:K825.72/1278] 在馆    
2 1135017   211350170   第二借阅区/ [索取号:K825.72/1278] 在馆    
3 1135018   211350189   第二借阅区/ [索取号:K825.72/1278] 在馆    
4 1135019   211350198   第二借阅区/ [索取号:K825.72/1278] 在馆    
唐山师范学院图书馆 欢迎您!
大连网信软件有限公司© 版权所有